| 000 | 01159cam a22003495a 4500 | ||
|---|---|---|---|
| 001 | 1897462 | ||
| 005 | 20150825140402.0 | ||
| 008 | 841102t1985 moua frb 001 0 eng | ||
| 010 | _a84025479 | ||
| 020 | _a9780323048286 | ||
| 040 |
_aEG-ScBUE _beng _cEG-ScBUE |
||
| 082 | 0 | 4 |
_a610.73 _bPOT _222 |
| 100 | 1 |
_aPotter, Patricia Ann. _94856 |
|
| 245 | 1 | 0 |
_aFundamentals of Nursing/ _cPatricia A. Potter, Anne Griffin Perry. |
| 250 | _a7th ed. | ||
| 260 |
_aSt. Louis, Mo. ; _aLondon : _bMosby Elsevier, 2009 _cc.2009. |
||
| 300 |
_axli, 1476 p. : _bcol. ill. ; _c29 cm. |
||
| 500 | _aIndex: p.1443-1476. | ||
| 500 | _aPrevious ed.: 2005. | ||
| 504 | _aBibliography : p. 1409-1438. | ||
| 590 | _aMohamed Hussein | ||
| 650 | 0 |
_aNursing. _94857 _2BUEsh |
|
| 650 | 0 |
_aNursing _xExaminations, questions, etc. _94858 _2BUEsh |
|
| 650 | 0 |
_aNursing _xStudy and teaching _xAudio-visual aids. _94859 _2BUEsh |
|
| 650 | 2 |
_aNurse-Patient Relations. _94860 _2BUEsh |
|
| 650 | 2 |
_aNursing Care. _94861 _2BUEsh |
|
| 650 | 2 |
_aNursing Process. _94862 _2BUEsh |
|
| 651 | _2BUEsh | ||
| 653 |
_bNNUR _cAugust2015 |
||
| 700 | 1 |
_aPerry, Anne Griffin. _94863 |
|
| 942 |
_2ddc _cNRB |
||
| 999 |
_c11067 _d11067 |
||